| 000 | 00836nam a22002297a 4500 | ||
|---|---|---|---|
| 999 |
_c5191 _d5191 |
||
| 003 | AR-CdUCM | ||
| 008 | 190312b ||||| |||| 00| 0 spa d | ||
| 020 | _a978-987-24055-0-2 | ||
| 040 |
_aMUNICIPALIDAD PROVINCIAL DEL CUSCO _cBIBLIOTECA MUNICIPAL DEL CUSCO |
||
| 082 |
_a190.29 / _bG643 _26ed. |
||
| 100 |
_aGonzález Pecotche, Carlos B. _915751 |
||
| 245 |
_aLogosofía ciencia y método : _btécnica de la formación individual consciente / |
||
| 260 |
_aBuenos Aires : _bLogosófica, _c2007 |
||
| 300 |
_a145 páginas ; _c23 cm. |
||
| 505 | _aContenido: La logosofía -- El proceso de evolución consciente -- El sistema mental -- Los pensamientos ... | ||
| 650 |
_aFilosofía argentina _915752 |
||
| 650 |
_aSiglo XX _98 |
||
| 650 |
_aConciencia _911784 |
||
| 650 |
_aPsicología _91538 |
||
| 942 |
_2ddc _cLIBROS |
||
| 945 | _acmm | ||